| 000 | 00838nam a22001817a 4500 | ||
|---|---|---|---|
| 003 | BD-DhUL | ||
| 005 | 20161031182222.0 | ||
| 008 | 161031s1984 ii ||||| |||| 00| 0 ben | ||
| 040 |
_aBD-DhUL _cBD-DhUL |
||
| 082 |
_a891.44509 _bSUS |
||
| 100 | 1 | _a বন্দ্যোপাধ্যায়, সুনীল কুমার | |
| 245 | 1 | 0 |
_aসাহিত্য শিল্পী বঙ্কিম চন্দ্র / _cসুনীল কুমার বন্দ্যোপাধ্যায় |
| 260 |
_aকলিকাতা : _bপশ্চিম বঙগ রাজ্যপুস্তক পর্ষদ, _c১৯৮৪. |
||
| 300 |
_a [৮], ২০৯ পৃ.; _c২১ সেমি. |
||
| 600 | 0 |
_aবঙ্কিমচন্দ্র _xজীবনী |
|
| 600 | 0 |
_aBankimchandra _xBiography |
|
| 942 |
_2ddc _cBK |
||
| 999 |
_c118290 _d118290 |
||